Horizonte e complementaridade sempre o mesmo acerca do mesmo (Registo nº 19569)
[ vista simples ]
| 000 -Etiqueta do registo | |
|---|---|
| Valores | 00867nam a22002411i 4500 |
| 090 ## - | |
| -- | 19569 |
| 010 ## - Número ISBN | |
| ISBN | 9789722712071 |
| 100 ## - Dados gerais de processamento | |
| Dados gerais | 20170304u u u0frey50 ba |
| 101 0# - Língua de publicação | |
| -- | por |
| 200 1# - Titulo e menção de responsabilidade | |
| Primeira menção de responsabilidade | Eudoro de Sousa |
| Título próprio | Horizonte e complementaridade sempre o mesmo acerca do mesmo |
| 215 ## - Descrição física | |
| Paginação / Volumes | 387, [5] p. |
| Dimensões | 24 cm |
| 210 ## - Publicação | |
| Nome do editor | Imprensa Nacional-Casa da Moeda |
| Local de publicação | Lisboa |
| Data de publicação | D.L. 2002 |
| 225 2# - Colecção | |
| Título próprio da colecção | Estudos gerais |
| 225 2# - Colecção | |
| Nome de parte ou secção | Série universitária |
| 300 ## - Notas gerais | |
| Texto da nota | Oferta de Imprensa Nacional - Casa da Moeda |
| 410 #0 - | |
| -- | Estudos gerais |
| 411 #0 - | |
| -- | Série universitária |
| 700 #1 - Autor principal (pessoa individual) | |
| Apelido | Sousa |
| Nome | Eudoro de |
| -- | 070 |
| 702 #1 - Autor secundário (pessoa individual) | |
| Apelido | Bastos |
| Nome | Fernando |
| -- | 080 |
| 996 ## - ISO2709 | |
| -- | 0026719 |
| -- | SOU |
| -- | 00000000 |
| -- | 00000000 |
| -- | BMVA |
| -- | 1 |
| -- | Viana do Alentejo |
| -- | Filosofia |
| -- | 24 |
| -- | Livro |
| -- | 0 |
| -- | 1 |
| 996 ## - ISO2709 | |
| -- | 0030784 |
| -- | SOU |
| -- | 00000000 |
| -- | 00000000 |
| -- | BMVA |
| -- | 1 |
| -- | Alcáçovas |
| -- | Filosofia |
| -- | 24 |
| -- | Livro |
| -- | 0 |
| -- | 1 |
| 990 ## - Elementos KOHA | |
| Tipo de documento | Livro |
| Situação do levantamento | Estado | Biblioteca de origem | Biblioteca de empréstimo | Código de barras | Cota | Permissão de empréstimo | Tipo de documento | Localização na Estante | Nota relativa ao exemplar |
|---|---|---|---|---|---|---|---|---|---|
| Completo | Biblioteca Municipal de Viana Do Alentejo | Biblioteca Municipal de Viana Do Alentejo | 0024843 | 1 SOU | Disponível | Livro | |||
| Completo | Biblioteca Municipal de Viana Do Alentejo | Biblioteca Municipal de Viana Do Alentejo Pólo Alcáçovas | 0026482 | 1 SOU | Disponível | Livro | Depósito | cx. 151 vnt |